Word Ladder: Best Actor Films (90s) Quiz Stats

 Plays Quiz Updated Sep 10, 2015

Challenge
Share
Tweet
Embed
Score 0/28 Timer 03:00
2 Plays Today
Clue 4-Letter Word % Correct
🎬 L. Neeson (1993): Schindler's ____ 🎬LIST
98.5%
🎬 J. Nicholson (1997): As ____ as it Gets 🎬GOOD
96.3%
🎬 L. Fishburne (1993): What's ____ Got to Do with It 🎬LOVE
96.3%
🎬 S. Penn (1995): ____ Man Walking 🎬DEAD
95.7%
🎬 R. Benigni (1998): ____ is Beautiful 🎬LIFE
95.2%
What models do for the cameraPOSE
95%
Smokey Robinson - 'You've Really Got a ____ on Me'HOLD
92.8%
🎬 S. Rea (1992): The Crying ____ 🎬GAME
92.4%
NourishmentFOOD
92.4%
Finish lastLOSE
92.2%
Booby prize positionLAST
92.1%
Margarita garnishLIME
91.9%
🎬 P. Newman (1994): Nobody's ____ 🎬FOOL
91.8%
Actor ensembleCAST
91.6%
Clue 4-Letter Word % Correct
Hitchhiker goalLIFT
91%
🎬 P. Fonda (1997): Ulee's ____ 🎬GOLD
90.3%
Like some excusesLAME
90.1%
Had in your graspHELD
89.6%
Handed outGAVE
89.3%
Beer foamHEAD
89.1%
Sunbather localePOOL
88.7%
Angler's toolPOLE
87.9%
Opinion samplingPOLL
87.6%
Letter starterDEAR
87.3%
Wash or cleanseLAVE
87%
Lawyer's concernCASE
83.8%
🎬 R. De Niro (1991): [First Rung] ____ 🎬FEAR
62.4%
🎬 R. De Niro (1991): ____ [Last Rung] 🎬CAPE
59.9%

Today's Daily Dose

Missing Word
Hayao Miyazaki

Word Ladder
Florida

On This Day
December 13th II

You're not logged in!

Compare scores with friends on all Sporcle quizzes.
OR
Log In

You Might Also Like...

Show Comments

Extras

Top Quizzes Today


Score Distribution

Your Account Isn't Verified!

In order to create a playlist on Sporcle, you need to verify the email address you used during registration. Go to your Sporcle Settings to finish the process.

Report this User

Report this user for behavior that violates our Community Guidelines.

Details: